Formule 1 2021 - Pilotes, écuries et pays - Statistiques

Statistiques générales
  • Ce quiz a été pris 11 fois
  • Le résultat moyen est 37 sur 57
Statistiques - réponses
Réponse % Correct
Charles Leclerc
100%
Lewis Hamilton
100%
Max Verstappen
100%
Pierre Gasly
100%
Sergio Pérez
100%
AlphaTauri
89%
Carlos Sainz
89%
Daniel Ricciardo
89%
Esteban Ocon
89%
Ferrari
89%
Haas
89%
Lando Norris
89%
McLaren
89%
Mercedes
89%
Mick Schumacher
89%
Red Bull
89%
Valtteri Bottas
89%
Williams
89%
Alfa Romeo
78%
Alpine
78%
Aston Martin
78%
Fernando Alonso
78%
Monaco - Monaco
78%
Sebastian Vettel
78%
Yuki Tsunoda
78%
Belgique - Spa-Francorchamps
67%
Espagne - Barcelone
67%
États Unis - Austin
67%
George Russell
67%
Italie - Monza
67%
Japon - Suzuka
67%
Lance Stroll
67%
Nicolas Latifi
67%
Nikita Mazepin
67%
Antonio Giovinazzi
56%
Arabie Saoudite - Djeddah
56%
Brésil - Interlagos
56%
Chine - Shanghai
56%
Émirats Arabes Unis - Abou Dabi
56%
France - Le Castellet
56%
Grande-Bretagne - Silverstone
56%
Italie - Imola
56%
Azerbaïdjan - Bakou
44%
Bahreïn - Sakhir
44%
Canada - Montréal
44%
Kimi Räikkönen
44%
Mexique - Mexico City
44%
Pays-Bas - Zandvoort
44%
Qatar - Lusail
44%
Singapour - Singapour
44%
Russie - Sotchi
33%
Autriche - Spielberg
22%
Hongrie - Budapest
22%
Portugal - Portimão
11%
Robert Kubica
11%
Turquie - Istanbul
11%
Styrie - Spielberg
0%
Aucun quiz correspondant
Distribution des résultats
% des personnes avec chaque résultat
Percentile par nombre de réponses
Votre historique - résultats
Vous n’avez pas pris ce quiz